<?xml version="1.0" encoding="UTF-8"?>
<marc:record xmlns:marc="http://www.loc.gov/MARC21/slim">
   <marc:leader>00000nam a2200000 a 4500</marc:leader>
   <marc:datafield ind1="1" ind2=" " tag="100">
      <marc:subfield code="a">Det Sporadiske Filmkollektivet</marc:subfield>
      <marc:subfield code="4">aut</marc:subfield>
      <marc:subfield code="e">Verfasser/-in</marc:subfield>
   </marc:datafield>
   <marc:datafield ind1="1" ind2=" " tag="100">
      <marc:subfield code="a">Det Sporadiske Filmkollektivet</marc:subfield>
   </marc:datafield>
   <marc:datafield ind1="0" ind2="0" tag="245">
      <marc:subfield code="a">Der Antrag (Frieri)</marc:subfield>
   </marc:datafield>
   <marc:datafield ind1="0" ind2="0" tag="245">
      <marc:subfield code="c">Schauspieler: Det Sporadiske Filmkollektivet; Montage: Det Sporadiske Filmkollektivet; Produktion: Det Sporadiske Filmkollektivet; Musik: Det Sporadiske Filmkollektivet; Drehbuch: Det Sporadiske Filmkollektivet; Kamera: Det Sporadiske Filmkollektivet; Reg</marc:subfield>
   </marc:datafield>
   <marc:datafield ind1=" " ind2="1" tag="264">
      <marc:subfield code="a">Potsdam</marc:subfield>
      <marc:subfield code="b">filmwerte GmbH</marc:subfield>
      <marc:subfield code="c">2022</marc:subfield>
   </marc:datafield>
   <marc:datafield ind1="1" ind2=" " tag="520">
      <marc:subfield code="a">In einem winzigen Boot macht Joachim Toril der Frau seiner Träume einen Heiratsantrag. Toril aber reagiert anders als erwartet. Ein haarklein erarbeiteter Plan bricht gnadenlos in sich zusammen. Ein kleines Alltagsdrama aus der Einsamkeit des Hohen Nordens, wo es die nur selten verkehrenden Fähren auch nicht gerade leichter machen....</marc:subfield>
   </marc:datafield>
   <marc:datafield ind1=" " ind2=" " tag="300">
      <marc:subfield code="a">1 Online-Ressource (6 min), Bild: 16:9 HD</marc:subfield>
   </marc:datafield>
</marc:record>
